000 00415nam a2200145Ia 4500
008 220217s9999||||xx |||||||||||||| ||und||
020 _a9788120350021
082 _a005.71 GUP
100 _aGupta, G.K
245 0 _aIntroduction to data mining with case studies
250 _a3rd
260 _aPrentice hall of india
_bNew Delhi
_c2014
300 _aXXI, 514p.
_b495
650 _aDATA FILES & DATABASE
_9695
999 _c185517
_d185517